000 00339nam a22001457a 4500
008 230706b ||||| |||| 00| 0 eng d
020 _a9780321969552
041 _aeng
080 _25TH EDITION
_a51
082 _a51BEE
100 _a24
101 _aMATE
245 _aPRECALCULUS A RIGHT TRIANGLE APPROACH
_cBEECHER
942 _2udc
_cBK
999 _c60106
_d60106